01658nmm a2200265 i 4500003000900000005001700009007000300026008004100029040003300070100004100103245030100144264003800445300005300483336002700536337002900563338003900592347003100631502019700662504002900859505020600888650005701094650005201151700005301203856013601256DO-SdISF20250324114731.0ta240205s2020 dr ||||fo||d| 00| 0 spa d aDO-SdISFbspaerdacDO-SdISF1 aVentura Cruz, Victor Andréseautor10aEstudio de la percepción sobre la práctica de actividad física y la salud en el alumnado del segundo ciclo del nivel secundario de la República Dominicana en el año escolar 2018-2019 /csustentada : Víctor Andrés Ventura Cruz ; asesor: María de los Ángeles Fernández Villarino 1aSanto Domingo :bISFODOSU, c2020 a1 recurso en línea (67 hojas) :bilustraciones 2rdacontentatextobtxt 2rdamediaacomputadorabc 2rdacarrierarecurso en líneabcr 2rdaaarchivo de textobPDF aTesis para optar por el título de Maestría en Educación Física Integral - Instituto Superior de Formación Docente Salomé Ureña - ISFODOSU, Recinto Eugenio María de Hostos, 2020 aBiblografía en hoja 34 aIntroducción al problema de investigación 1 - Revisión de literatura 7 - Metodología 14 - Análisis de los resultados 20 - Interpretación de los resultados 26 - Bibliografía 34 - Anexos 4017aEducación físicazRepública Dominicana2armarc17aEducación secundariaxSalud e higiene2armarc1 aFernández Villarino, María Ángeleseasesor yClic para Texto completouhttps://biblioteca.isfodosu.edu.do/cgi-bin/koha/opac-retrieve-file.pl?id=e2e6aefbe7370dd536f478288735981a